000 00593 a2200181 4500
005 20250108151453.0
010 _aENG-143254
020 _a9788187393528
_c995.00
035 _aEN-126786
037 _bDBAD
082 _a362.2
100 _aJoshi, Lakshmi Raj
_976110
245 _aReproductive Health:
_bMale Shared Responsibility/
_cBy Lakshmi Raj Joshi
260 _aNew Delhi
_bAdroit Publishers
_c2022
270 _a4675/21, Ganpati Bhawan, Ansari Road , Darya Ganj,
_bNew Delhi
_e110002
300 _axxiii,473p.
_c23cm(hb)
942 _adpl
_cEN
_2ddc
_h362.2
_mJOS
999 _c208210
_d208210